Leadership handbook of management and administration / (Record no. 297)

MARC details
000 -LEADER
fixed length control field 01003nam a22002412 4500
001 - CONTROL NUMBER
control field 0000001022
005 - DATE AND TIME OF LATEST TRANSACTION
control field 20151021151050.0
008 - FIXED-LENGTH DATA ELEMENTS--GENERAL INFORMATION
fixed length control field 070223s xx 000 0 eng d
020 ## - INTERNATIONAL STANDARD BOOK NUMBER
International Standard Book Number 0801090407 (pbk.) :
Terms of availability KES 2,290
040 ## - CATALOGING SOURCE
Original cataloging agency KABU
Transcribing agency KABU
050 #0 - LIBRARY OF CONGRESS CALL NUMBER
Classification number BV3
Item number .L43 1997
245 10 - TITLE STATEMENT
Title Leadership handbook of management and administration /
Statement of responsibility, etc. general editor, James D. Berkley.
250 ## - EDITION STATEMENT
Edition statement 1st pbk ed.
260 ## - PUBLICATION, DISTRIBUTION, ETC. (IMPRINT)
Place of publication, distribution, etc. Grand Rapids, Michigan :
-- Carol Stream, Ill. :
Name of publisher, distributor, etc. Baker Books :
-- CTI,
Date of publication, distribution, etc. 1997.
300 ## - PHYSICAL DESCRIPTION
Extent xx, 524 p. ;
Dimensions 23 cm.
500 ## - GENERAL NOTE
General note Previously published in 1994 by Christianity Today, Inc. and Baker Book House as Leadership handbooks of practical theology, vol. 3: Leadership and administration - T.p. verso.
650 #0 - SUBJECT ADDED ENTRY--TOPICAL TERM
Topical term or geographic name as entry element Theology, Practical
Form subdivision Handbooks, manuals, etc.
-- 0000159962
650 #0 - SUBJECT ADDED ENTRY--TOPICAL TERM
Topical term or geographic name as entry element Church management.
-- 0000159963
700 1# - ADDED ENTRY--PERSONAL NAME
Personal name Berkley, James D.,
Dates associated with a name 1950-.
-- 0000159964
908 ## - PUT COMMAND PARAMETER (RLIN)
Put command parameter 070223
950 ## - LOCAL HOLDINGS (RLIN)
-- 1
Holdings
Withdrawn status Lost status Source of classification or shelving scheme Not for loan Home library Current library Date acquired Total Checkouts Full call number Barcode Date last seen Date last checked out Price effective from Koha item type
    Library of Congress Classification   Kabarak, Main Campus Kabarak, Main Campus 17/12/2015   BV3 .L43 1997 000390 02/08/2024   17/12/2015 General Collection
    Library of Congress Classification   Kabarak, Main Campus Kabarak, Main Campus 17/12/2015   BV3 .L43 1997 000685 02/08/2024   17/12/2015 General Collection
    Library of Congress Classification   Kabarak, Nakuru City Campus Kabarak, Nakuru City Campus 21/10/2015 1 BV3 .L43 1997 c. 1 003019 16/03/2021 09/03/2021 21/10/2015 General Collection
Designed with assistance from East African Informatics Ltd